| 000 | 00396nam a2200133Ia 4500 | ||
|---|---|---|---|
| 008 | 231129s1974||||xx |||||||||||||| ||spa|| | ||
| 020 | _a84-297-0831-6 | ||
| 082 | _aHAJ- 0302 | ||
| 100 | _aRadcliffe - Brown A.R. | ||
| 245 | 0 | _aEstructura y función en la sociedad primitiva | |
| 260 | _c1974 | ||
| 264 | _aBarcelona: Península 1974 | ||
| 942 |
_2ddc _cBKS |
||
| 999 |
_c13606 _d13606 |
||